000 00835nam a2200241 i 4500
003 DO-SdBNP
005 20230623100624.0
007 ta
008 230623b1958 dr ||||| |||| 00| 0 spa d
040 _aDO-SdBNP
_bspa
_cBNPHU
_erda
082 4 _222
100 _926932
_aDomínguez, Franklin
_eautor
245 1 0 _aMarionetas /
_cFranklín Domínguez, Margarita V. de Paredes, Miguel Ángel Jiménez
264 _aCiudad Trujillo, República Dominicana :
_bLibrería Dominicana,
_c1958.
300 _a189 páginas ;
_c21 cm.
336 _2rdacontent
_atexto
_btxt
337 _2rdamedia
_asin mediación
_bn
338 _2rdacarrier
_avolumen
_bnc
500 _aHomenaje a la excelentisima primera dama de la república doña María Martínez de Trujillo.
590 _aInventariado, 2023/BT
910 _aBtavárez
942 _2ddc
_cLBS1
999 _c53918
_d53918